Expansion and diversification in securitization yearbook 2007 (Record no. 179693)

MARC details
000 -LEADER
fixed length control field 00591nam a2200193Ia 4500
008 - FIXED-LENGTH DATA ELEMENTS--GENERAL INFORMATION
fixed length control field 191130s2008##################000#0#eng##
020 ## - INTERNATIONAL STANDARD BOOK NUMBER
ISBN 9789041126610
082 ## - DEWEY DECIMAL CLASSIFICATION NUMBER
Classification number 368.0068 ROB
100 ## - MAIN ENTRY--AUTHOR NAME
Personal name Robbé, Jan Job de Vries
245 ## - TITLE STATEMENT
Title Expansion and diversification in securitization yearbook 2007
Statement of responsibility, etc Jan Job de Vries Robbe and Paul Ali
260 ## - PUBLICATION, DISTRIBUTION, ETC. (IMPRINT)
Place of publication Deventer, The Netherlands ; Boston, MA
Name of publisher Kluwer
Year of publication 2008
300 ## - PHYSICAL DESCRIPTION
Number of Pages 426p
650 ## - SUBJECT ADDED ENTRY--TOPICAL TERM
Topical Term Financial law
700 ## - ADDED ENTRY--PERSONAL NAME
Personal name Ali, Paul
991 ## -
-- 439008
Holdings
Withdrawn status Lost status Damaged status Not for loan Home library Current library Date acquired Full call number Accession Number Price effective from Koha item type
        Anna Centenary Library Anna Centenary Library 13.10.2020 368.0068 ROB 441856 13.10.2020 English Books

Find us on the map